Design for Six Sigma : a roadmap for product development
Αποθηκεύτηκε σε:
| Κύριος συγγραφέας: | |
|---|---|
| Άλλοι συγγραφείς: | |
| Μορφή: | Βιβλίο |
| Γλώσσα: | English |
| Δημοσίευση: |
New York :
McGraw-Hill,
2003
|
| Θέματα: | |
| Ετικέτες: |
Προσθήκη ετικέτας
Δεν υπάρχουν, Καταχωρήστε ετικέτα πρώτοι!
|
MARC
| LEADER | 00000nam a2200000 i 4500 | ||
|---|---|---|---|
| 001 | 1/65494 | ||
| 008 | 071130s2003 eng d | ||
| 020 | |a 978-0-07-141208-7 | ||
| 020 | |a 0-07-141208-5 | ||
| 035 | |l 10092723 | ||
| 040 | |a GR-MY-UA |b gre |e aacr | ||
| 041 | 0 | |a eng | |
| 082 | 0 | |a 658.562 |2 (22) | |
| 100 | 1 | |a Yang, Kai. | |
| 245 | 1 | 0 | |a Design for Six Sigma : |b a roadmap for product development / |c Kai Yang, Basem El-Haik |
| 260 | |a New York : |b McGraw-Hill, |c 2003 | ||
| 300 | |a xvi, 624 σ.; |b σχ., πιν.; |c 24 εκ. | ||
| 500 | |a Βιβλιογραφία: σ. 611-617. Ευρετήριο | ||
| 650 | 0 | 0 | |a Quality control |x Statistical methods. |
| 650 | 0 | 0 | |a Experimental design. |
| 700 | 1 | |a El-Haik, Basem. | |
| 852 | |a INST |b CHIOS |e 20071130 |h 658.562 YAN |p 005200028230 |q 005200028230 |t BK |y 0 | ||
| 901 | |a BIBL2-2007-3 | ||
| 909 | |a Χ |b 140675 | ||
| 922 | |a 2ΕΛΗ |b 200711 |c ΕΠΕΑΕΚ2/ΤΜΟΔ |d ΕΛΕΥΘΕΡΟΥΔΑΚΗΣ | ||
| 970 | |a ΑΤΣΑΛΗ |b ΔΕΣΠΟΙΝΑ |z 2007/11/30 | ||